Science Quiz

Random Science or Biology Quiz
Score 0/17 Timer 06:00
3 Plays Today
% Correct
Ice Age
97.2%
Galápagos Islands
88.4%
Germany
85.2%
Jurassic
82.7%
Hobbits
81.1%
Rhinoceros
78.2%
Amber
76.4%
Igneous, Sedimentary
75.9%
Pangaea
71.8%
% Correct
DNA
71.8%
Woolly Mammoth
67.7%
Paleontology
67.3%
Blue Whale
61.5%
Sabre-toothed Cats
59%
Stegosaurus
58.1%
Mauritius
49.7%
Moa
33.7%
Remove Ads.
Support Sporcle.
Get the best of Sporcle when you Go Orange. This ad-free experience offers more features, more stats, and more fun while also helping to support Sporcle. Thank you for becoming a member.

You're not logged in!

Compare scores with friends on all Sporcle quizzes.
OR
Log In

Show Comments

Extras

Top Quizzes Today


Score Distribution

Your Account Isn't Verified!

In order to create a playlist on Sporcle, you need to verify the email address you used during registration. Go to your Sporcle Settings to finish the process.

Report this User

Report this user for behavior that violates our Community Guidelines.

Details: